Current Member of the House of Commons of Canada - Statistics

General Stats
  • This quiz has been taken 63 times
    5 since last reset
  • The average score is 103 of 344
Answer Stats
Electoral District Party Affiliation Member of Parliament % Correct
North Island-Powell River Conservative Aaron Gunn
100%
Calgary Skyview Conservative Amanpreet Gill
100%
Brampton West Conservative Amarjeet Gill
100%
Richmond Centre-Marpole Conservative Chak Au
100%
Acadie-Annapolis Liberal Chris d'Entremont
100%
Calgary McKnight Conservative Dalwinder Gill
100%
University-Rosedale Liberal Danielle Martin
100%
Scarborough Southwest Liberal Doly Begum
100%
Vancouver Kingsway NDP Don Davies
100%
Windsor West Conservative Harb Gill
100%
Edmonton Strathcona NDP Heather McPherson
100%
Côte-Nord-Kawawachikamach-Nitassinan Liberal Marilène Gill
100%
Edmonton Riverbend Liberal Matt Jeneroux
100%
Markham-Unionville Liberal Michael Ma
100%
Battle River-Crowfoot Conservative Pierre Poilievre
100%
Abbotsford-South Langley Conservative Sukhman Gill
100%
Edmonton Gateway Conservative Tim Uppal
100%
Yukon Liberal Brendan Hanley
75%
Saanich-Gulf Islands Green Elizabeth May
75%
Niagara South Conservative Fred Davies
75%
New Westminster-Burnaby-Maillardville Liberal Jake Sawatzky
75%
Vancouver East NDP Jenny Kwan
75%
Winnipeg Centre NDP Leah Gazan
75%
Nunavut Liberal Lori Idlout
75%
Nepean Liberal Mark Carney
75%
St. Albert-Sturgeon River Conservative Michael Cooper
75%
Beaches-East York Liberal Nathaniel Erskine-Smith
75%
Richmond East-Steveston Liberal Parm Bains
75%
Coquitlam-Port Coquitlam Liberal Ron McKinnon
75%
Central Nova Liberal Sean Fraser
75%
Scarborough North Liberal Shaun Chen
75%
Gatineau Liberal Steve MacKinnon
75%
Cloverdale-Langley City Conservative Tamara Jansen
75%
Terrebonne Bloc Québécois Tatiana Auguste
75%
Richmond Hill South Conservative Vincent Ho
75%
Burnaby Central Liberal Wade Chang
75%
Vancouver Quadra Liberal Wade Grant
75%
Gaspésie-Les Îles-de-la-Madelaine Bloc Québécois Alexis Deschênes
50%
Regina-Qu'Appelle Conservative Andrew Scheer
50%
King-Vaughan Conservative Anna Roberts
50%
Mission-Matsqui-Abbotsford Conservative Bard Vis
50%
Winnipeg South Centre Liberal Ben Carr
50%
Prince George-Peace River-Northern Rockies Conservative Bob Zimmer
50%
Portage-Lisgar Conservative Branden Leslie
50%
Long Range Mountains Conservative Carol Anstey
50%
Central Newfoundland Conservative Clifford Small
50%
Calgary Confederation Liberal Corey Hogan
50%
Ottawa South Liberal David McGuinty
50%
Beauséjour Liberal Dominic LeBlanc
50%
Edmonton Centre Liberal Eleanor Olszewski
50%
Skeena-Bulkley Valley Conservative Ellis Ross
50%
South Surrey-White Rock Liberal Ernie Klassen
50%
Saint-Maurice-Champlain Liberal François-Philippe Champagne
50%
Sherwood Park-Fort Saskatchewan Conservative Garnett Genuis
50%
Moncton-Dieppe Liberal Ginette Petitpas Taylor
50%
Medicine Hat-Cardston-Warner Conservative Glen Motz
50%
Courtenay-Alberni NDP Gord Johns
50%
Hull-Aylmer Liberal Greg Fergus
50%
Vancouver Fraserview-South Burnaby Liberal Gregor Robertson
50%
Madawaska-Restigouche Liberal Guillaume Deschênes-Thériault
50%
Fleetwood-Port Kells Liberal Gurbux Saini
50%
Malpeque Liberal Heath MacDonald
50%
Vancouver Centre Liberal Hedy Fry
50%
Bowmanville-Oshawa North Conservative Jamil Jivani
50%
Calgary East Conservative Jasraj Singh Hallan
50%
Québec Centre Liberal Jean-Yves Duclos
50%
Cowichan-Malahat-Langford Conservative Jeff Kibble
50%
Ajax Liberal Jennifer McKelvie
50%
Delta Liberal Jill McKnight
50%
St. John's East Liberal Joanne Thompson
50%
North Vancouver-Capilano Liberal Johnathan Wilkinson
50%
Foothills Conservative John Barlow
50%
Terra Nova-The Peninsulas Conservative Jonathan Rowe
50%
Pickering-Brooklin Liberal Juanita Nathan
50%
Toronto-Danforth Liberal Julie Dabrusin
50%
Burlington Liberal Karina Gould
50%
Winnipeg North Liberal Kevin Lamoureux
50%
Fort McMurray-Cold Lake Conservative Laila Goodridge
50%
Sarnia-Lambton-Bkejwanong Liberal Marilyn Gladu
50%
Ahuntsic-Cartierville Liberal Mélanie Joly
50%
Thornhill Conservative Melissa Lantsman
50%
Wellington-Halton Hills North Conservative Michael Chong
50%
Calgary Nose Hill Conservative Michelle Rempel Garner
50%
West Vancouver-Sunshine Coast-Sea to Sky Country Liberal Patrick Weiler
50%
Thunder Bay-Superior North Liberal Patty Hajdu
50%
Avalon Liberal Paul Connors
50%
Charlesbourg-Haute-Saint-Charles Conservative Pierre Paul-Hus
50%
Lethbridge Conservative Rachael Thomas
50%
Kildonan-St. Paul Conservative Raquel Dancho
50%
Northwest Territories Liberal Rebecca Alty
50%
Churchill-Keewatinook Aski Liberal Rebecca Chartrand
50%
Pierrefonds-Dollard Liberal Sameer Zuberi
50%
Newmarket-Aurora Conservative Sandra Cobena
50%
Brampton-Chinguacousy Park Liberal Shafqat Ali
50%
Lakeland Conservative Shannon Stubbs
50%
Calgary Heritage Conservative Shuvaloy Majumdar
50%
Calgary Midnapore Conservative Stephanie Kusie
50%
Esquimalt-Saanich-Sooke Liberal Stephanie McLean
50%
Kelowna Liberal Stephen Fuhr
50%
Laurier-Sainte-Marie Liberal Steven Guilbeault
50%
Vancouver Granville Liberal Taleeb Noormohamed
50%
Nanaimo-Ladysmith Conservative Tamara Kronis
50%
Burnaby North-Seymour Liberal Terry Beech
50%
Markham-Thornhill Liberal Tim Hodgson
50%
Calgary Shepard Conservative Tom Kmiec
50%
Yellowhead Conservative William Stevenson
50%
Beloeil-Chambly Bloc Québécois Yves-François Blanchet
50%
Edmonton Manning Conservative Ziad Aboultaif
50%
Port Moody-Coquitlam Liberal Zoe Royer
50%
Simcoe North Conservative Adam Chambers
25%
Burlington North-Milton West Liberal Adam van Koeverden
25%
York South-Weston-Etobicoke Liberal Ahmed Hussen
25%
Brossard-Saint-Lambert Liberal Alexandra Mendès
25%
Rosemont-La Petite-Patrie Independent Alexandre Boulerice
25%
Bruce-Grey-Owen Sound Conservative Alex Ruff
25%
Willowdale Liberal Ali Ehsassi
25%
Brampton Centre Liberal Amandeep Sodhi
25%
Elgin-St. Thomas-London South Conservative Andrew Lawton
25%
Alfred-Pellan Liberal Angelo Iacono
25%
Oakville East Liberal Anita Anand
25%
Ottawa West-Nepean Liberal Anita Vandenbeld
25%
Dorval-Lachine-LaSalle Liberal Anju Dhillon
25%
Notre-Dame-de-Grâce-Westmount Liberal Anna Gainey
25%
Vimy Liberal Annie Koutrakis
25%
Mount Royal Liberal Anthony Housefather
25%
London West Liberal Arielle Kayabaga
25%
Peace River-Westlock Conservative Arnold Viersen
25%
Oxford Conservative Arpan Khanna
25%
Hamilton Centre Liberal Aslam Rana
25%
Waterloo Liberal Bardish Chagger
25%
Huron-Bruce Conservative Ben Lobb
25%
Edmonton Northwest Conservative Billy Morin
25%
Ponoka-Didsbury Conservative Blaine Calkins
25%
Airdrie-Cochrane Conservative Blake Richards
25%
Egmont Liberal Bobby Morrissey
25%
Carleton Liberal Bruce Fanjoy
25%
Desnethé-Missinippi-Churchill River Liberal Buckley Belanger
25%
Marc-Aurèle-Fortin Liberal Carlos Leitão
25%
Mississauga-Lakeshore Liberal Charles Sousa
25%
Algonquin-Renfrew-Pembroke Conservative Cheryl Gallant
25%
Spadina-Harbourfront Liberal Chi Nguyen
25%
St. Catharines Liberal Chris Bittle
25%
Bay of Quinte Liberal Chris Malette
25%
Saint-Jean Bloc Québécois Christine Normandin
25%
Grande Prairie Conservative Chris Warkentin
25%
Beauport-Salaberry-Soulanges-Huntingdon Bloc Québécois Claude DeBellefeuille
25%
Aurora-Oak Ridges-Richmond Hill Conservative Costas Menegakis
25%
Okanagan Lake West-South Kelowna Conservative Dan Albas
25%
Flamborough-Glanbrook-Brant North Conservative Dan Muys
25%
Calgary Signal Hill Conservative Dave McKenzie
25%
Bow River Conservative David Bexte
25%
Fredericton-Oromocto Liberal David Myles
25%
Niagara West Conservative Dean Allison
25%
Guelph Liberal Dominique O'Rourke
25%
Winnipeg West Liberal Doug Eyolfson
25%
Barrie-Springwater-Oro-Medonte Conservative Doug Shipley
25%
Sherbrooke Liberal Élisabeth Brière
25%
Peterborough Liberal Emma Harrison
25%
Saint-Laurent Liberal Emmanuella Lambropoulos
25%
Kenora-Kiiwetinoong Conservative Eric Melillo
25%
Honoré-Mercier Liberal Éric St-Pierre
25%
Toronto Centre Liberal Evan Solomon
25%
Mississauga Centre Liberal Fares Al Soud
25%
Lac-Saint-Louis Liberal Francis Scarpaleggia
25%
Kamloops-Thompson-Nicola Conservative Frank Caputo
25%
Joliette-Manawan Bloc Québécois Gabriel Ste-Marie
25%
Scarborough-Guildwood-Rouge Park Liberal Gary Anandasangaree
25%
Prescott-Russell-Cumberland Liberal Giovanna Mingarelli
25%
Brandon-Souris Conservative Grant Jackson
25%
Calgary Centre Conservative Greg McLean
25%
Markham-Stouffville Liberal Helena Jaczek
25%
Similkameen-South Okanagan-West Kootenay Conservative Helena Konanz
25%
Mississauga-Erin Mills Liberal Iqra Khalid
25%
Edmonton Southeast Conservative Jagsharan Singh Mahal
25%
Cape Breton-Canso-Antigonish Liberal Jaime Battiste
25%
Etobicoke-Lakeshore Liberal James Maloney
25%
Kanata Liberal Jenna Sudds
25%
Barrie South-Innisfil Conservative John Brassard
25%
Perth-Wellington Conservative John Nater
25%
Saint John-St. Croix Conservative John Williamson
25%
Etobicoke North Liberal John Zerucelli
25%
Humber River-Black Creek Liberal Judy Sgro
25%
Davenport Liberal Julie Dzerowicz
25%
Taiaiako'n-Parkdale-High Park Liberal Karim Bardeesy
25%
Cardigan Liberal Kent MacDonald
25%
Edmonton Griesbach Conservative Kerry Diotte
25%
King-Hants Liberal Kody Blois
25%
Milton East-Halton Hills South Liberal Kristina Tesser Derksen
25%
London-Fanshawe Conservative Kurt Holman
25%
Brantford-Brant South-Six Nations Conservative Larry Brock
25%
Toronto-St. Paul's Liberal Leslie Church
25%
Haldimand-Horfolk Conservative Leslyn Lewis
25%
Middlesex-London Conservative Lianna Rood
25%
Hamilton Mountain Liberal Lisa Hepfner
25%
Montcalm Bloc Québécois Luc Thériault
25%
Thérèse-De Blainville Liberal Madeleine Chenette
25%
Don Valley North Liberal Maggie Chi
25%
Abitibi-Baie-James-Nunavik-Eeyou Liberal Mandy Gull-Masty
25%
Brampton East Liberal Maninder Sidhu
25%
Pitt Meadows-Maple Ridge Conservative Marc Dalton
25%
Ville-Marie-Le Sud-Ouest-Île-des-Sœurs Liberal Marc Miller
25%
Thunder Bay-Rainy River Liberal Marcus Powlowski
25%
Orléans Liberal Marie-France Lalonde
25%
Laurentides-Labelle Bloc Québécois Marie-Hélène Gaudreau
25%
Papineau Liberal Marjorie Michel
25%
Kingston and the Islands Liberal Mark Gerretsen
25%
Chilliwack-Hope Conservative Mark Strahl
25%
Kitchener South-Hespeler Conservative Matt Strauss
25%
Rimouski-La Matapédia Bloc Québécois Maxime Blanchette-Joncas
25%
Kamloops-Shuswap-Central Rockies Conservative Mel Arnold
25%
Leeds-Grenville-Thousand Islands and Rideau Lakes Conservative Michael Barrett
25%
Scarborough-Woburn Liberal Michael Coteau
25%
Miramichi-Grand Lake Conservative Michael Dawson
25%
Regina-Wascana Conservative Michael Kram
25%
Sydney-Glace Bay Liberal Mike Kelloway
25%
Leduc-Wetaskiwin Conservative Mike Lake
25%
Ottawa-Vanier-Gloucester Liberal Mona Fortier
25%
Calgary Crowfoot Conservative Pat Kelly
25%
Saint-Léonard-Saint-Michel Liberal Patricia Lattanzio
25%
Repentigny Bloc Québécois Patrick Bonin
25%
London Centre Liberal Peter Fragiskatos
25%
Outremont Liberal Rachel Bendayan
25%
Surrey Centre Liberal Randeep Sarai
25%
Mississauga-Streetsville Liberal Rechie Valdez
25%
Oshawa Conservative Rhonda Kirkland
25%
Columbia-Kootenay-Southern Rockies Conservative Rob Morrison
25%
Don Valley West Liberal Rob Oliphant
25%
Brampton North-Caledon Liberal Ruby Sahota
25%
Whitby Liberal Ryan Turnbull
25%
Scarborough Centre Liberal Salma Zahid
25%
New Tecumseth-Gwillimbury Conservative Scot Davidson
25%
Parry Sound-Muskoka Conservative Scott Aitchison
25%
Vernon-Lake Country-Monashee Conservative Scott Anderson
25%
Charlottetown Liberal Sean Casey
25%
Acadie-Bathurst Liberal Serge Cormier
25%
Halifax Liberal Shannon Miedema
25%
Hastings-Lennox and Addington-Tyendinaga Conservative Shelby Kramp-Neuman
25%
Longueuil-Charles-LeMoyne Liberal Sherry Romanado
25%
Brampton South Liberal Sonia Sidhu
25%
Surrey Newton Liberal Sukh Dhaliwal
25%
Winnipeg South Liberal Terry Duguid
25%
Sault Ste. Marie-Algoma Liberal Terry Sheehan
25%
Kitchener-Conestoga Liberal Tim Louis
25%
Les Pays-d'en-Haut Liberal Tim Watchorn
25%
Cariboo-Prince George Conservative Todd Doherty
25%
Eglington-Lawrence Liberal Vince Gasparro
25%
Saint John-Kennebecasis Liberal Wayne Long
25%
Victoria Liberal Will Greaves
25%
Ottawa Centre Liberal Yasir Naqvi
25%
Etobicoke Centre Liberal Yvan Baker
25%
Bourassa Liberal Abdelhaq Sari
0%
Shefford Bloc Québécois Adréanne Larouche
0%
Cumberland-Colchester Liberal Alana Hirtle
0%
Lac-Saint-Jean Bloc Québécois Alexis Brunelle-Duceppe
0%
Côte-du-Sud-Rivière-du-Loup-Kataskomiq-Témiscouata Conservative Bernard Généreux
0%
Mont-Saint-Bruno-L'Acadie Liberal Bienvenu-Olivier Ntumba
0%
Saskatoon West Conservative Brad Redekopp
0%
Sackville-Bedford-Preston Liberal Braedon Clark
0%
Red Deer Conservative Burton Bailey
0%
Trois-Rivières Liberal Caroline Desrochers
0%
Yorkton-Melville Conservative Cathay Wagantall
0%
Essex Conservative Chris Lewis
0%
LaSalle-Émard-Verdun Liberal Claude Guay
0%
Elmwood-Transcona Conservative Colin Reynolds
0%
Cambridge Conservative Connie Cody
0%
Saskatoon-University Conservative Corey Tochor
0%
Parkland Conservative Dane Lloyd
0%
Riding Mountain Conservative Dan Mazier
0%
Dartmouth-Cole Harbour Liberal Darren Fisher
0%
Chatham-Kent-Leamington Conservative Dave Epp
0%
Bellechasse-Les Etchemins-Lévis Conservative Dominique Vien
0%
Stormont-Dundas-Glengarry Conservative Eric Duncan
0%
Richmond-Arthabaska Conservative Èric Lefebvre
0%
Laval-Les Îles Liberal Fayçal El-Khoury
0%
Moose Jaw-Lake Centre-Lanigan Conservative Fraser Tolmie
0%
Montmorency-Charlevoix Conservative Gabriel Hardy
0%
Kapuskasing-Timmins-Mushkegowuk Conservative Gaétan Malette
0%
Louis-Saint-Laurent-Akiawenhrahk Conservative Gérald Deltell
0%
St. Boniface-St. Vital Liberal Ginette Lavack
0%
Mississauga-Malton Liberal Iqwinder Singh Gaheer
0%
York-Durham Conservative Jacob Mantle
0%
Lévis-Lotbinière Conservative Jacques Gourde
0%
La Prairie-Atateken Liberal Jacques Ramsay
0%
Selkirk-Interlake-Eastman Conservative James Bezan
0%
Haliburton-Kawartha Lakes-Brock Conservative Jamie Schmale
0%
Beauce Conservative Jason Groleau
0%
Mirabel Bloc Québécois Jean-Denis Garon
0%
Scarborough-Agincourt Liberal Jean Yip
0%
Swift Current-Grasslands-Kindersley Conservative Jeremy Patzer
0%
South Shore-St. Margarets Liberal Jessica Fancy-Landry
0%
Portneuf-Jacques-Cartier Conservative Joël Godin
0%
Louis-Hébert Liberal Joël Lightbound
0%
Hamilton West-Ancaster-Dundas Liberal John-Paul Danko
0%
Windsor-Tecumseh-Lakeshore Conservative Kathy Borrelli
0%
Carlton Trail-Eagle Creek Conservative Kelly Block
0%
Kitchener Centre Conservative Kelly DeRidder
0%
Edmonton West Conservative Kelly McCauley
0%
Saskatoon South Conservative Kevin Waugh
0%
Avignon-La Mitis-Matane-Matapédia Bloc Québécois Kristina Michaud
0%
Dufferin-Caledon Conservative Kyle Seeback
0%
Halifax West Liberal Lena Diab
0%
Rivière-des-Mille-Îles Liberal Linda Lapointe
0%
Bécancour-Nicolet-Saurel-Alnôbak Bloc Québécois Louis Plamondon
0%
Brome-Missisquoi Liberal Louis Villeneuve
0%
Mégantic-L'Érable-Lotbinière Conservative Luc Berthold
0%
Sudbury East-Manitoulin-Nickel Belt Liberal Marc Serré
0%
Compton-Stanstead Liberal Marianne Dandurand
0%
Hochelaga-Richmond-Est Liberal Marie-Gabrielle Ménard
0%
La Pointe-de-l'Île Bloc Québécois Mario Beaulieu
0%
Jonquière Bloc Québécois Mario Simard
0%
Drummond Bloc Québécois Martin Champoux
0%
Vaughan-Woodbridge Liberal Michael Guglielmin
0%
Châteauguay-Les Jardins-de-Napierville Liberal Nathalie Provost
0%
Longueuil-Saint-Hubert Liberal Natilien Joseph
0%
Hamilton East-Stoney Creek Conservative Ned Kuruc
0%
Nipissing-Timiskaming Liberal Pauline Rochefort
0%
Mississauga East-Cooksville Liberal Peter Fonseca
0%
Vaudreuil Liberal Peter Schiefke
0%
Labrador Liberal Philip Earle
0%
Northumberland-Clarke Conservative Philip Lawrence
0%
Prince Albert Conservative Randy Hoback
0%
Rivière-du-Nord Bloc Québécois Rhéal Fortin
0%
Tobique-Mactaquac Conservative Richard Bragdon
0%
Chicoutimi-Le Fjord Conservative Richard Martel
0%
Fundy Royal Conservative Rob Moore
0%
York Centre Conservative Roman Baber
0%
Battlefords-Lloydminster-Meadow Lake Conservative Rosemarie Falk
0%
Lanark-Frontenac Conservative Scott Reid
0%
Abitibi-Témiscamingue Bloc Québécois Sébastien Lemire
0%
Oakville West Liberal Sima Acan
0%
Saint-Hyacinthe-Bagot-Acton Bloc Québécois Simon-Pierre Savard-Tremblay
0%
Pontiac Liberal Sophie Chatel
0%
Beauport-Limoilou Liberal Steeve Lavoie
0%
Argenteuil-La Petite-Nation Liberal Stéphane Lauzon
0%
Souris-Moose Mountain Conservative Steven Bonk
0%
Langley Township-Fraser Heights Conservative Tako van Popta
0%
Provencher Conservative Ted Falk
0%
Simcoe-Grey Conservative Terry Dowdall
0%
Cape Spear Liberal Tom Osborne
0%
Niagara Falls-Niagara-on-the-Lake Conservative Tony Baldinelli
0%
Sudbury Liberal Viviane Lapointe
0%
Regina-Lewvan Conservative Warren Steinley
0%
Pierre-Boucher-Les-Patriotes-Verchères Bloc Québécois Xavier Barsalou-Duval
0%
Berthier-Maskinongé Bloc Québécois Yves Perron
0%
No matching quizzes found
Score Distribution
Percent of People with Each Score
Percentile by Number Answered
Your Score History
You have not taken this quiz since the last reset